[Event "Toronto Battle of inv"]
[Site "Toronto"]
[Date "2012.10.22"]
[Round "2"]
[White "Longo, Tyler"]
[Black "Uddin, Mohammad Zaki"]
[Result "1-0"]
[WhiteElo "2065"]
[BlackElo "1647"]
[PlyCount "66"]
[EventDate "2012.10.15"]
[EventType "tourn"]
[EventRounds "7"]
[EventCountry "CAN"]
[SourceTitle "EXT 2022"]
[Source "ChessBase"]
[SourceDate "2021.10.06"]
[SourceVersion "1"]
[SourceVersionDate "2021.10.06"]
[SourceQuality "1"]

1. d4 Nf6 2. Nf3 e6 3. e3 c5 4. Bd3 Nc6 5. b3 d5 6. Bb2 Bd6 7. Nbd2 0-0 8. 0-0 cxd4 9. exd4 b6 10. Ne5 Nb4 11. Be2 Bb7 12. a3 Nc6 13. Bd3 Rc8 14. f4 Ne7 15. Qe2 Nf5 16. g4 Nh4 17. g5 Nd7 18. Bxh7+ Kxh7 19. Qh5+ Kg8 20. Qxh4 Nxe5 21. fxe5 Be7 22. Rf6 Rxc2 23. Raf1 Rxd2 24. R1f3 Qc8 25. Rh3 Rd1+ 26. Rf1 Rxf1+ 27. Kxf1 f5 28. gxf6 Rxf6+ 29. exf6 Bxf6 30. Qh8+ Kf7 31. Qxc8 Bxc8 32. Rh8 Ba6+ 33. Kf2 Bd3 1-0